La humanidad en la encrucijada : (Registro nro. 18859)
[ vista simple ]
| 000 -CABECERA | |
|---|---|
| campo de control de longitud fija | 00946cam a2200253 a 4500 |
| 001 - NÚMERO DE CONTROL | |
| campo de control | 000019342 |
| 005 - FECHA Y HORA DE LA ÚLTIMA TRANSACCIÓN | |
| campo de control | 20240514111632.0 |
| 008 - DATOS DE LONGITUD FIJA--INFORMACIÓN GENERAL | |
| campo de control de longitud fija | 100624s1975 mx b 000 0 spa d |
| 040 ## - FUENTE DE LA CATALOGACIÓN | |
| Centro catalogador/agencia de origen | DO-SdBNP |
| Lengua de catalogación | spa |
| Centro/agencia transcriptor | BNPHU |
| 082 ## - NÚMERO DE LA CLASIFICACIÓN DECIMAL DEWEY | |
| Número de clasificación | 330.904 |
| Número de documento/Ítem | M578h |
| 049 ## - FONDOS LOCALES (OCLC) | |
| Fondos de biblioteca | BNGR |
| 100 1# - ENTRADA PRINCIPAL--NOMBRE DE PERSONA | |
| Nombre de persona | Mesarovic, Mihajlo |
| 9 (RLIN) | 41574 |
| 245 13 - MENCIÓN DE TÍTULO | |
| Título | La humanidad en la encrucijada : |
| Resto del título | Segundo informe al Club de Roma / |
| Mención de responsabilidad, etc. | Mihljlo Mesarovic , Eduard Pestel; prólogo Miguel A. Cárdenas. |
| 246 0# - FORMA VARIANTE DE TÍTULO | |
| Título propio/Titulo breve | Markind the turning Point. The second report to the of Rome Club |
| 300 ## - DESCRIPCIÓN FÍSICA | |
| Extensión | 261 p. : |
| Otras características físicas | mapas ; |
| Dimensiones | 17 cm. |
| 490 1# - MENCIÓN DE SERIE | |
| Mención de serie | Popular : |
| Designación de volumen o secuencia | 42 |
| 500 ## - NOTA GENERAL | |
| Nota general | Incluye referencias bibliográficas y notas al pie de las páginas. |
| 500 ## - NOTA GENERAL | |
| Nota general | Primera edición en español, 1975. |
| 650 #0 - PUNTO DE ACCESO ADICIONAL DE MATERIA--TÉRMINO DE MATERIA | |
| Término de materia o nombre geográfico como elemento de entrada | Historia económica |
| 9 (RLIN) | 1620 |
| 650 #0 - PUNTO DE ACCESO ADICIONAL DE MATERIA--TÉRMINO DE MATERIA | |
| Término de materia o nombre geográfico como elemento de entrada | Abastecimiento de alimentos |
| 9 (RLIN) | 5254 |
| 700 1# - PUNTO DE ACCESO ADICIONAL--NOMBRE DE PERSONA | |
| Nombre de persona | Pestel, Eduar |
| 9 (RLIN) | 41576 |
| 700 1# - PUNTO DE ACCESO ADICIONAL--NOMBRE DE PERSONA | |
| Nombre de persona | Cárdenas, Miguel A. |
| Término indicativo de función/relación | pról. |
| 9 (RLIN) | 41577 |
| 830 #0 - PUNTO DE ACCESO ADICIONAL DE SERIE-TÍTULO UNIFORME | |
| Título uniforme | Popular |
| Designación de volumen o secuencia | 42 |
| 9 (RLIN) | 13374 |
| Estado de retiro | Estado de pérdida | Restricciones de uso | No para préstamo | Código de colección | Localización permanente | Ubicación/localización actual | Ubicación en estantería | Fecha de adquisición | Número de inventario | Total de préstamos | Signatura topográfica completa | Código de barras | Fecha visto por última vez | Precio válido a partir de | Tipo de ítem Koha |
|---|---|---|---|---|---|---|---|---|---|---|---|---|---|---|---|
| Préstamo interno | Monografías: Libros y Folletos | General | General | En catalogación | 26.06.2010 | LF1 | 330.904 M578h | 19342-10 | 25.06.2020 | 25.06.2020 | Préstamo interno |
